Ground water investigations along Bogue Phalia between Symonds and Malvina, Bolivar County. (Record no. 28556)
[ view plain ]
| 000 -LEADER | |
|---|---|
| fixed length control field | 00848cam a22002531 4500 |
| 001 - CONTROL NUMBER | |
| control field | gs 51000139 |
| 003 - CONTROL NUMBER IDENTIFIER | |
| control field | DLC |
| 005 - DATE AND TIME OF LATEST TRANSACTION | |
| control field | 20260227111357.0 |
| 008 - FIXED-LENGTH DATA ELEMENTS--GENERAL INFORMATION | |
| fixed length control field | 771207s1951 msua s000 0 eng c |
| 010 ## - LIBRARY OF CONGRESS CONTROL NUMBER | |
| LC control number | gs 51000139 |
| 035 ## - SYSTEM CONTROL NUMBER | |
| System control number | (OCoLC)3470996 |
| 040 ## - CATALOGING SOURCE | |
| Original cataloging agency | U.S. Geol. Survey. Libr. |
| Transcribing agency | NcBoA |
| Modifying agency | OCoLC |
| -- | DLC |
| 042 ## - AUTHENTICATION CODE | |
| Authentication code | premarc |
| 043 ## - GEOGRAPHIC AREA CODE | |
| Geographic area code | n-us-ms |
| 050 00 - LIBRARY OF CONGRESS CALL NUMBER | |
| Classification number | QE129 |
| Item number | .A2 no. 72 |
| 082 ## - DEWEY DECIMAL CLASSIFICATION NUMBER | |
| Classification number | 551.49 |
| 100 1# - MAIN ENTRY--PERSONAL NAME | |
| Personal name | Lusk, Tracy Wallace. |
| 245 10 - TITLE STATEMENT | |
| Title | Ground water investigations along Bogue Phalia between Symonds and Malvina, Bolivar County. |
| 260 ## - PUBLICATION, DISTRIBUTION, ETC. | |
| Place of publication, distribution, etc. | University, Miss., |
| Date of publication, distribution, etc. | 1951. |
| 300 ## - PHYSICAL DESCRIPTION | |
| Extent | 19 p. |
| Other physical details | diagrs. (part fold.) |
| Dimensions | 23 cm. |
| 410 20 - SERIES STATEMENT/ADDED ENTRY--CORPORATE NAME [OBSOLETE, CAN/MARC], [LOCAL, USA] | |
| Corporate name or jurisdiction name as entry element | Mississippi Geological, Economic, and Topographical Survey |
| Title of a work | Bulletin |
| Volume number/sequential designation | 72 |
| 650 #0 - SUBJECT ADDED ENTRY--TOPICAL TERM | |
| Topical term or geographic name entry element | Groundwater |
| Geographic subdivision | Mississippi |
| -- | Bolivar County. |
| 650 #0 - SUBJECT ADDED ENTRY--TOPICAL TERM | |
| Topical term or geographic name entry element | Water-supply |
| Geographic subdivision | Mississippi |
| -- | Bolivar County. |
No items available.